000 00306nam a2200121Ia 4500
005 20251222175928.0
008 251222s9999||||xx |||||||||||||| ||spa||
020 _a844811647X
082 _a330/E79
100 _aEscribá Pérez, F. Javier
245 0 _aIntroducción Práctica a la Economía
942 _cLIB
999 _c40912
_d40912